000 00457nam a2200145Ia 4500
008 100204s9999 xx 000 0 und d
082 _b23661
100 _aबेलसरे अरुण
245 _aमिश्किल मिसळ
260 _b"पुष्प प्रकाशन , पुणे"
_c1999
300 _a118
630 _aमिश्किल मिसळ
730 _aमिश्किल मिसळ
942 _cBOOK
999 _c468916
_d468913